000 00228nam a2200097Ia 4500
008 220204s9999 xx 000 0 und d
082 _a82-3
_bTWA
100 _aTwain, Mark
245 0 _aAdventures of Huckleberry Finn
942 _cBK
999 _c33042
_d33042